| 000 | 00650nam a22001935i 4500 | ||
|---|---|---|---|
| 001 | 170143 | ||
| 003 | ES-MaACL | ||
| 005 | 20230906214311.0 | ||
| 008 | 090205s1962 fr |||| | fre d | ||
| 080 | _a782.1 | ||
| 100 | 1 |
_aGondinet, Edmond. _9127380 |
|
| 245 | 1 | 0 |
_aLakmé _b: opéra en trois actes / _cparoles E. Gondinet et Ph. Gille ; musique de Léo Delibes. |
| 260 |
_aParis : _bCalmann-Lévy, _c[1962] |
||
| 300 |
_a71 p. ; _c18 cm. |
||
| 650 | 4 |
_aÓperas- _vLibretos. _9137584 |
|
| 700 | 1 |
_aGille, Philippe. _956955 |
|
| 700 | 1 |
_aDelibes, Léo. _9126744 |
|
| 852 |
_aES-MaACL _j2246-F-5 _9R.140447 _z.- Biblioteca Jacinto Martínez Lacalle |
||
| 999 |
_c170143 _d170143 |
||